Mẫu soạn thảo các văn bản pháp quy- hành chính tư pháp- hợp đồng

Na minha lista:
Detalhes bibliográficos
Autor principal: Phạm, Duy Đoán
Formato: Livro
Idioma:Undetermined
Publicado em: Hà Nội Tài Chính 2004
Assuntos:
Tags: Adicionar Tag
Sem tags, seja o primeiro a adicionar uma tag!
Thư viện lưu trữ: Trung tâm Học liệu Trường Đại học Cần Thơ
LEADER 00580nam a2200193Ia 4500
001 CTU_92292
008 210402s9999 xx 000 0 und d
020 |c 64000 
082 |a 651.29 
082 |b Đ406 
100 |a Phạm, Duy Đoán 
245 0 |a Mẫu soạn thảo các văn bản pháp quy- hành chính tư pháp- hợp đồng 
245 0 |c Phạm Duy Đoán 
260 |a Hà Nội 
260 |b Tài Chính 
260 |c 2004 
650 |a Office practice 
904 |i Mai Loan(Tuyen) 
980 |a Trung tâm Học liệu Trường Đại học Cần Thơ